Paroles: Enfant clown - Hoshi - Statistiques

Statistiques générales
  • Ce quiz a été pris 29 fois
  • Le résultat moyen est 179 sur 228
Statistiques - réponses
Paroles % Correct
c'
100%
clown
100%
d'
100%
en
100%
enfant
100%
l'
100%
de
94%
J'
94%
j'
94%
la
94%
là ?
94%
n'
94%
s'
94%
un
94%
a
88%
ai
88%
ça
88%
et
88%
fait
88%
je
88%
m'
88%
mais
88%
ne
88%
ou
88%
par
88%
pas
88%
pour
88%
qu'
88%
que
88%
qui
88%
rit
88%
se
88%
son
88%
suis
88%
une
88%
y'
88%
aimera
81%
boule
81%
ce
81%
cette
81%
cherche
81%
cool
81%
copain
81%
corps
81%
des
81%
espère
81%
fois
81%
Gamine
81%
Il
81%
le
81%
maman
81%
Marijuana
81%
partager
81%
pleure
81%
rire
81%
roule
81%
ses
81%
sous
81%
vivre
81%
voie
81%
voir
81%
dit
75%
est
75%
faux
75%
larmes
75%
me
75%
moi
75%
mon
75%
on
75%
Plus
75%
plus
75%
pool
75%
pouvoirs
75%
préau
75%
super
75%
vigiles
75%
voient
75%
zéro
75%
argent
69%
dans
69%
Dis
69%
donc
69%
du-per
69%
Elle
69%
elle
69%
fais
69%
fille
69%
garçon
69%
les
69%
manqué ?
69%
papa
69%
quand
69%
réussie
69%
royaume
69%
serai
69%
sur
69%
swimming
69%
ton
69%
"Arrête
63%
coeur
63%
comment
63%
compte
63%
danse
63%
dérange
63%
étranges
63%
mouvements
63%
nos
63%
numéro"
63%
père
63%
personne
63%
Pourquoi
63%
remplace
63%
si
63%
tard
63%
affaires
56%
au
56%
classées ?
56%
Combien
56%
cools
56%
copains
56%
doigts
56%
endort
56%
éteindra
56%
faire
56%
l'aimera
56%
poule
56%
remarqueront
56%
Souvent
56%
Suis-je
56%
tri
56%
trône ?
56%
verra
56%
baisse
50%
bras
50%
calme
50%
clone
50%
pense
50%
pire
50%
roi
50%
eh
44%
Refrain
25%
Aucun quiz correspondant
Distribution des résultats
% des personnes avec chaque résultat
Percentile par nombre de réponses
Votre historique - résultats
Vous n’avez pas pris ce quiz